=LDR 00000nam 2200000 4500 =001 INLIS000000000041168 =005 20130612150721 =008 ***********************************Ind** =035 ##$$0010-061300000041168 =041 ##$$a Ind =082 ##$$a 813 =090 ##$$a 813, Jor e =100 ##$$a Jordan Robert =245 ##$$a Eye of the word, Robert Jordan ; penyunting, Esti A =260 ##$$a 2010 $b Bandung =300 ##$$a 899 hlm, 23 cm =650 ##$$a Fiksi =850 ##$$a NBPNMAT